Регионална библиотека "Любен Каравелов" - Русе

Влияние на пестицидите, антибиотиците и микотоксините върху имунитета на селскостопанските животни (Запис номер 449905)

MARC детайли
000 -Лидер
Контролно поле с фиксирана дължина nam a22 a 4500
003 - Код на организацията, давaща контролен номер
Контролно поле BLK
005 - Дата и час на последна редакция
Контролно поле 20221208031204.0
008 - Елементи от данни с фиксирана дължина
fixed length control field 220321b bu |||||||||| 00| | bu d
040 ## - Източник на каталожния запис
Идентификатор на билиотеката - собственик на записа BLK
041 ## - Код за език
Код за езика на текст/звукозапис или на отделно заглавие Български
Код за езика КДБФ Български
080 ## - УДК
Текстов определител УДК Отглеждане на животните и грижи за тях
УДК код - определител по УДК 636.083
УДК определител :612.017(048.8)
УДК - код + определител 636.083:612.017(048.8)
100 ## - Редна дума - Автор
R(LIN) 323110
Автор Ченчев, Иван Никифоров
Авторска отговорност първи автор
139 ## - Редно поле
Редна дума Ченчев, Иван Никифоров
245 ## - Сведения за заглавието
Заглавие Влияние на пестицидите, антибиотиците и микотоксините върху имунитета на селскостопанските животни
Подзаглавни данни Обзор
Редно поле (дума) Иван Никифоров Ченчев, Георги Тодоров Костов
260 ## - Област на издателските данни
9 (RLIN) 216385
Място на издаване, разпространение и проч. София
Име на издателя, разпространителя и проч. ЦНТИИ
Година на издаване 1981
Издателство - префикс ISBN 954-8639-
300 ## - Физическа характеристика
Страници 52 с.
Илюстрации и др. с табл.
Размери/Мащаб 19 см
380 ## - Жанр
Жанр Селско стопанство
500 ## - Общи забележки
Забележка Изд. на НАПС. ЦНТИИ<br/>Офс. изд<br/>550 тир<br/>Рез. на бълг., рус., нем., англ. ез
504 ## - Забележка за наличие на библиография и др
Забележка за наличие на библиография и под. Библиогр. с. 47-50
650 #0 - Допълнително описание по предмет – тема
9 (RLIN) 472017
Основно описание – тема или топоним Селскостопански животни - имунитет
653 #7 - Ключова дума – ненормативна
9 (RLIN) 196415
Ключова дума селскостопански животни
653 #7 - Ключова дума – ненормативна
9 (RLIN) 187586
Ключова дума имунитет
700 ## - Други автори (авторска отговорност)
Лично име Костов, Георги Тодоров
Автороска отговорност (Описва отношението между автора и произведението) съавт.
9 (RLIN) 1445
852 ## - Местоположение
Форматна сигнатура Цб 111251
Фондова буква Хранилище
999 ## - СИСТЕМНИ КОНТРОЛНИ НОМЕРА
Koha biblionumber 449905
Koha biblioitemnumber 449905
942 ## - АРТИКУЛИ
Вид на библиотечния материал Книги
Скрит в OPAC Не
Периодичен библиозапис Да
944 ## - СЪЗДАВАНЕ И РЕДАКЦИЯ на ЗАПИСА
Създаване/Редакция Създаване
Дата на регистрацията/редакция 2022-03-21
Служител, извършил регистрацията/редакцията ВП
Наличности
Код за отписване Код за изгубен артикул Източник на класификационната схема Код за повреда Коз за рестрикции Код за отдаване Артикулен № Име на библиотеката - собственик Име на библиотеката, в която се намира в момента Статус (Текущо местоположение) Дата на вписване в системата Местоположение - отдел Цена в лева Инвентарен номер Систематично азбучна сигнатура Баркод Цена в евро Служебен тип на артикула
  Не е изгубен Universal Decimal Classification Не е повреден само за читалня ползва се в читалня 878147 Регионална библиотека "Любен Каравелов" Русе Регионална библиотека "Любен Каравелов" Русе Хранилище 2022-03-22 Хранилище 2.00 337717 Цб 111251 120000337717 1.02 Книги
Vip Innovations Ltd, Rousse, Bulgaria 2025